Recent developments in the history of chemistry / (Record no. 4873)

MARC details
000 -LEADER
fixed length control field 01097nam a2200313 4500
001 - CONTROL NUMBER
control field 000
003 - CONTROL NUMBER IDENTIFIER
control field 000
005 - DATE AND TIME OF LATEST TRANSACTION
control field 20150414120713.0
007 - PHYSICAL DESCRIPTION FIXED FIELD--GENERAL INFORMATION
fixed length control field 000
008 - FIXED-LENGTH DATA ELEMENTS--GENERAL INFORMATION
fixed length control field 870126s1985 enk b 001 0 eng d
020 ## - INTERNATIONAL STANDARD BOOK NUMBER
International Standard Book Number 0851869173
035 ## - SYSTEM CONTROL NUMBER
System control number (OCoLC)12524526
System control number (OCoLC)ocm12524526
System control number (CStRLIN)NYCG87-B7870
System control number (NNC)598849
040 ## - CATALOGING SOURCE
Original cataloging agency UOEL
Transcribing agency CLSU
Modifying agency NNC
090 ## - LOCALLY ASSIGNED LC-TYPE CALL NUMBER (OCLC); LOCAL CALL NUMBER (OCLC)
Classification number (OCLC) (R) ; Classification number, CALL (RLIN) (NR) QD15
Local cutter number (OCLC) ; Book number/undivided call number, CALL (RLIN) .R42
245 00 - TITLE STATEMENT
Title Recent developments in the history of chemistry /
Statement of responsibility, etc. editor and senior author, C.A. Russell ; authors, R.G.W. Anderson,...[et al.]
260 ## - PUBLICATION, DISTRIBUTION, ETC. (IMPRINT)
Place of publication, distribution, etc. London :
Name of publisher, distributor, etc. Royal Society of Chemistry,
Date of publication, distribution, etc. c1985.
300 ## - PHYSICAL DESCRIPTION
Extent x, 333 p. ;
Dimensions 22 cm.
500 ## - GENERAL NOTE
General note "It originated from an initiative of the Historical Group of the Royal Society of Chemistry..."p.1.
504 ## - BIBLIOGRAPHY, ETC. NOTE
Bibliography, etc Includes bibliographical references and indexes.
650 #0 - SUBJECT ADDED ENTRY--TOPICAL TERM
Topical term or geographic name as entry element Chemistry
General subdivision Historiography.
700 1# - ADDED ENTRY--PERSONAL NAME
Personal name Russell, Colin Archibald.
Personal name Anderson, R. G. W.
Fuller form of name (Robert Geoffrey William)
710 2# - ADDED ENTRY--CORPORATE NAME
Corporate name or jurisdiction name as entry element Royal Society of Chemistry (Great Britain).
Subordinate unit Historical Group.
942 ## - ADDED ENTRY ELEMENTS (KOHA)
Source of classification or shelving scheme Library of Congress Classification
Koha item type Loan - Normal on open shelf
Holdings
Withdrawn status Lost status Source of classification or shelving scheme Damaged status Not for loan Home library Current library Shelving location Date acquired Total Checkouts Barcode Date last seen Copy number Price effective from Koha item type
    Library of Congress Classification     UOE Main Library UOE Main Library Open shelf 14/04/2015   10038197 27/04/2026 10038197 14/04/2015 Loan - Normal on open shelf